000 00231nam a2200097Ia 4500
001 730163
005 20250826163709.0
008 250824s9999 xx 000 0 und d
245 0 _aBARAJ
_cRAMAZAN YASİN GÜNEY
260 _bATLIKARINCA
999 _c730163
_d730163